Statistiques concernant AFRIQUE DE L"OUEST - Map Quiz

Cliquez ici pour prendre le quiz!

Statistiques générales

  • Ce quiz a été pris 63 fois
  • Le résultat moyen est 14 sur 19

Réponses sur la Carte

Les réponses sont colorées sur une échelle allant du rouge au vert en fonction du pourcentage des utilisateurs qui les ont devinées à leur premier essai. Vous pouvez retrouver ces pourcentages ci-dessous.
 

Statistiques - réponses

Réponse% Correct
Algerie
94%
Tunisie
89%
Senegal
87%
Maroc
83%
Mali
81%
Niger
81%
Cap-vert
79%
Mauritanie
79%
Nigeria
75%
Cote d'ivoire
74%
Togo
74%
Gambie
72%
Burkina
70%
Ghana
64%
Guinee
64%
Sierra leone
64%
Benin
60%
Guinee Bissau
60%
Liberia
60%

Distribution des résultats

Percentile par nombre de réponses

% des personnes avec chaque résultat

Votre développement - résultats

Vous n’avez pas pris ce quiz